Multiple Choice Curiosities - Statistics

General Stats
  • This quiz has been taken 47 times
    46 since last reset
  • The average score is 5 of 15
Answer Stats
Question Answer % Correct
Which of these countries has a monarchy as form of government? Cambodia
100%
Which country has the same word repeated a total of 24 times on its flag? Iran
67%
Which of these cities has a larger population than the capital of the country to which it belongs? Auckland
33%
Which of these capitals has the same name in Spanish as in English? Brasilia
33%
Which of these territories have the Union Jack on its flag? Gibraltar
33%
Which country´s official name is Hellenic Republic? Greece
33%
What is the best selling beer in Europe? Heineken
33%
Which of these Premier League teams have a bird in its badge? Liverpool
33%
What USA state has a pelican on its flag? Louisiana
33%
What country has the only flag in the world that is different from both sides? Paraguay
33%
Which country has "Flag of the quinas" as its flag´s nickname? Portugal
33%
Which of these capitals has the lowest latitude? Sao Tome
33%
In what Italian city does Sampdoria play as a local? Genoa
0%
What is the busiest international air route from Madrid Airport? Lisbon
0%
Which country was the first administered by the United Nations? Papua New Guinea
0%
No matching quizzes found
Score Distribution
Percent of People with Each Score
Percentile by Number Answered
Your Score History
You have not taken this quiz since the last reset